000 00688nam a2200289Ia 4500
005 20260324120719.0
008 008 260324s9999 xx 000 0 eng d
020 _a9781315850757
037 _aEBOOK
040 _aCRL
040 _beng
040 _cCRL
041 _2eng
041 _aeng
084 _qCRL
100 _aMichael J Cohen
_91159676
245 0 _aBritain's Moment in Palestine
245 0 _bRetrospect and Perspectives, 1917-1948
260 _bTaylor and Francis
260 _c2014
365 _a
365 _b255
856 _uhttp://www.taylorfrancis.com/books/9781315850757
942 _cEBOOK
999 _c1751351
_d1751351